[Event "Detroit (MOR/5/93)"]
[Site "?"]
[Date "1992.??.??"]
[Round "?"]
[White "Piasecki, Vince"]
[Black "White, B."]
[Result "1/2-1/2"]
[WhiteElo "1605"]
[BlackElo "1605"]
[PlyCount "55"]
[EventDate "1992.??.??"]

{5/(93)} 1. d4 f5 2. c4 Nf6 3. Nc3 e6 4. Nf3 Be7 5. Bg5 O-O 6. Qc2 Nc6 7. a3 d6
8. e3 b6 9. Bd3 Bb7 10. O-O Nh5 11. Bxe7 Nxe7 12. Ng5 Qd7 13. Be2 Nf6 14. f3
Ng6 15. Rad1 h6 16. Nh3 Rae8 17. e4 fxe4 18. Nxe4 Qe7 19. Ng3 Nh4 20. Bd3 Nd7
21. Rde1 Bxf3 22. Rxf3 Rxf3 23. Be2 Rf7 24. Bh5 g6 25. Bxg6 Nxg6 26. Qxg6+ Rg7
27. Qxh6 Qf6 28. Qe3 1/2-1/2

[Event "Detroit (MOR/3/91)"]
[Site "?"]
[Date "1992.??.??"]
[Round "?"]
[White "Piasecki, Vince"]
[Black "Welch, Joseph"]
[Result "1/2-1/2"]
[WhiteElo "1605"]
[BlackElo "1605"]
[PlyCount "65"]
[EventDate "1992.??.??"]

{3/(91)} 1. d4 f5 2. c4 Nf6 3. Nc3 e6 4. Nf3 Be7 5. e3 O-O 6. Bd3 b6 7. Qe2 Bb7
8. e4 fxe4 9. Nxe4 Nc6 10. O-O Nb4 11. Bb1 Qe8 12. Ng3 Nc6 13. h3 Bd6 14. Ne4
Be7 15. Nh2 Nxd4 16. Nxf6+ Bxf6 17. Qd3 g6 18. Ng4 Nf5 19. Nxf6+ Rxf6 20. Re1
Rf7 21. a3 Qe7 22. g3 Raf8 23. h4 Nxh4 24. Bf4 g5 25. gxh4 gxf4 26. Qh3 Rg7+
27. Kf1 Bg2+ 28. Qxg2 Rxg2 29. Kxg2 f3+ 30. Kh3 Qg7 31. Rg1 Qxg1 32. Bxh7+ Kxh7
33. Rxg1 1/2-1/2

[Event "Detroit (MOR/7/99)"]
[Site "?"]
[Date "1992.??.??"]
[Round "?"]
[White "Piasecki, Vince"]
[Black "Thornton, Ivan"]
[Result "1-0"]
[WhiteElo "1605"]
[BlackElo "1605"]
[PlyCount "70"]
[EventDate "1992.??.??"]

{7/(99)} 1. e4 e5 2. Nf3 Nc6 3. Bc4 Nd4 4. c3 Nxf3+ 5. Qxf3 Nf6 6. d4 exd4 7.
cxd4 d5 8. exd5 Qe7+ 9. Be2 Bg4 10. Qe3 Nxd5 11. Qxe7+ Bxe7 12. Bxg4 h5 13. Be2
O-O-O 14. O-O h4 15. a3 Rhe8 16. Be3 Bf6 17. Bg4+ Kb8 18. Nc3 Nb6 19. Rfd1 Nc4
20. Na4 Nxe3 21. fxe3 Rxe3 22. Nc5 Re7 23. b4 b6 24. Na6+ Kb7 25. b5 Rxd4 26.
Bf3+ Kc8 27. Rac1 Rdd7 28. Bg4 Bb2 29. Rxc7+ Kd8 30. Rdxd7+ Rxd7 31. Rxd7+ Ke8
32. Nc7+ Kf8 33. Rd2 Bxa3 34. Rf2 Bc1 35. Rf5 Ke7 1-0

[Event "Detroit (MOR/1a/61)"]
[Site "?"]
[Date "1992.??.??"]
[Round "?"]
[White "Piasecki, Vince"]
[Black "Herron, J."]
[Result "0-1"]
[WhiteElo "1605"]
[BlackElo "1605"]
[PlyCount "98"]
[EventDate "1992.??.??"]

1. d4 Nf6 2. Nf3 g6 3. Nc3 Bg7 4. e4 d6 5. Be3 O-O 6. Be2 Nc6 7. d5 Ne5 8. Nxe5
dxe5 9. Qd2 Ne8 10. g4 Nd6 11. O-O-O Bd7 12. Rdg1 c6 13. h4 f6 14. g5 f5 15. h5
f4 16. Bc5 f3 17. Bd3 Be8 18. hxg6 Bxg6 19. Qe3 b6 20. Bxd6 Qxd6 21. Bc4 Qb4
22. Qd3 b5 23. Bb3 c5 24. Nxb5 Rfc8 25. c4 a6 26. Na3 a5 27. Nc2 Qb6 28. Na3 a4
29. Bd1 Rcb8 30. Nb5 Be8 31. Qxf3 Bxb5 32. Qh5 Bxc4 33. Qxh7+ Kf8 34. Qf5+ Ke8
35. Rh8+ Bxh8 36. Bh5+ Kd8 37. Qf8+ Kd7 38. Bg4+ Kd6 39. Qh6+ Bf6 40. gxf6
Qxb2+ 41. Kd1 Qb1+ 42. Qc1 Qd3+ 43. Ke1 Rb1 44. Qxb1 Qxb1+ 45. Bd1 Qxe4+ 46.
Kd2 Rb8 47. Kc1 Rb1+ 48. Kd2 Qd3+ 49. Ke1 Qxd1# 0-1

[Event "East Lansing (MI Am/3)"]
[Site "?"]
[Date "1992.??.??"]
[Round "?"]
[White "Phalen, Michael"]
[Black "Niemi, G."]
[Result "1-0"]
[WhiteElo "1605"]
[BlackElo "1605"]
[PlyCount "67"]
[EventDate "1992.??.??"]

1. e4 e5 2. Nf3 Nc6 3. Bc4 h6 4. d4 d6 5. dxe5 Bg4 6. exd6 Bxd6 7. Qd5 Qe7 8.
O-O O-O-O 9. Qxf7 Qxf7 10. Bxf7 Bxf3 11. gxf3 Nf6 12. Be3 Nb4 13. Nc3 a6 14.
Rac1 Rhf8 15. Be6+ Nd7 16. Bg4 Kb8 17. a3 Nc6 18. Nd5 Nde5 19. Kg2 Rh8 20. b4
Rdf8 21. c4 h5 22. f4 Nxg4 23. c5 Be7 24. a4 Bd8 25. b5 axb5 26. axb5 Ne7 27.
Nxe7 Bxe7 28. f5 h4 29. Bd4 Rh7 30. c6 b6 31. Ra1 Rg8 32. Ra3 g5 33. Ra4 Bd6
34. Rfa1 1-0

[Event "East Lansing (MI Am/1)"]
[Site "?"]
[Date "1992.??.??"]
[Round "?"]
[White "Phalen, Michael"]
[Black "Griffin, John"]
[Result "0-1"]
[WhiteElo "1605"]
[BlackElo "1615"]
[PlyCount "98"]
[EventDate "1992.??.??"]

1. e4 c5 2. c4 Nc6 3. Be2 e6 4. d3 g6 5. Bg4 Nge7 6. Bg5 Bg7 7. Nc3 h6 8. Bh4
O-O 9. Nf3 g5 10. Nxg5 hxg5 11. Bxg5 Qa5 12. Qc1 d5 13. Bh6 Ne5 14. Bxg7 Nxd3+
15. Ke2 Nxc1+ 16. Raxc1 Kxg7 17. h4 Rh8 18. e5 Ng6 19. cxd5 Nf4+ 20. Kf3 Nxd5
21. Ne4 Qxa2 22. Rh3 Qb3+ 23. Ke2 Qxb2+ 24. Kd1 Qxe5 25. Rg3 Kf8 26. Nxc5 Rxh4
27. Rb1 Nc3+ 28. Rxc3 Qxc3 29. Rc1 Rh1+ 30. Ke2 Rxc1 31. Nd3 Rc2+ 32. Kf1 Qd2
33. Kg1 Qxd3 34. Kh2 Qh7+ 35. Kg3 Rc3+ 36. Bf3 Qg6+ 37. Kh2 Qh6+ 38. Kg3 Rc4
39. Bh5 Qg5+ 40. Kf3 Qf4+ 41. Ke2 Qe4+ 42. Kd2 Qd4+ 43. Ke2 Rc3 44. Bxf7 Qe4+
45. Kd2 Qc2+ 46. Ke1 Rb3 47. Bh5 Rb2 48. Bd1 Qd2+ 49. Kf1 Qxf2# 0-1

[Event "Detroit (MI Op/1a/3)"]
[Site "?"]
[Date "1992.??.??"]
[Round "?"]
[White "Perry, R."]
[Black "Tsemekhman, Vadim"]
[Result "0-1"]
[WhiteElo "1980"]
[BlackElo "2435"]
[PlyCount "102"]
[EventDate "1992.??.??"]

1. e4 e6 2. d4 d5 3. Nc3 Nf6 4. Bg5 Be7 5. e5 Nfd7 6. Bxe7 Qxe7 7. Nf3 O-O 8.
Bd3 c5 9. Nb5 c4 10. Bxh7+ Kxh7 11. Nc7 Nxe5 12. Nxa8 Nxf3+ 13. Qxf3 b6 14. Qg3
Na6 15. O-O Bb7 16. c3 Bxa8 17. Rae1 Nc7 18. Re5 f5 19. Rfe1 Kg8 20. f4 Bc6 21.
h4 Rf6 22. Qh3 Qf7 23. h5 Nb5 24. g4 fxg4 25. Qxg4 Nd6 26. Rxe6 Rxf4 27. Qg6
Bd7 28. Qxf7+ Nxf7 29. Re7 Bf5 30. Rf1 Rg4+ 31. Kh2 Rh4+ 32. Kg3 Rxh5 33. Rxa7
Nd6 34. Kf4 Be4 35. Rg1 Nf7 36. Rb7 Rf5+ 37. Ke3 Rf3+ 38. Ke2 Rf6 39. Rg3 Bd3+
40. Ke1 Rf1+ 41. Kd2 Rf2+ 42. Ke1 Re2+ 43. Kd1 Rxb2 44. a4 Ra2 45. Rxb6 Rxa4
46. Rh3 Ng5 47. Rb8+ Kf7 48. Rb7+ Kf6 49. Rb6+ Kf5 50. Rh5 Kg4 51. Rh8 Ra1+ 0-1

[Event "Detroit (MI Op/3/32)"]
[Site "?"]
[Date "1992.??.??"]
[Round "?"]
[White "Perry, R."]
[Black "Robes, S."]
[Result "1-0"]
[WhiteElo "1980"]
[BlackElo "1745"]
[PlyCount "87"]
[EventDate "1992.??.??"]

{3/(32)} 1. e4 c5 2. Nf3 Nc6 3. d4 cxd4 4. Nxd4 d6 5. Nc3 a6 6. Be2 Nf6 7. Be3
e6 8. g4 Nxd4 9. Bxd4 e5 10. Be3 Be6 11. g5 Nd7 12. Qd2 Rc8 13. f4 exf4 14.
Bxf4 Ne5 15. O-O-O Be7 16. h4 Qa5 17. a3 g6 18. Kb1 b5 19. Qd4 Qc7 20. h5 Qc5
21. Bxe5 Qxe5 22. hxg6 fxg6 23. Qxe5 dxe5 24. Rhf1 Bxg5 25. Rd6 Ke7 26. Rxa6
Rxc3 27. bxc3 Rc8 28. Rxe6+ Kxe6 29. Bg4+ Kd6 30. Bxc8 Bf4 31. Rh1 h5 32. Bb7
Kc5 33. Bd5 g5 34. Rxh5 g4 35. Rf5 Kd6 36. Rf6+ Ke7 37. Rg6 g3 38. c4 bxc4 39.
a4 c3 40. a5 Kf8 41. a6 Be3 42. Rxg3 Bd4 43. a7 Bxa7 44. Rg8+ 1-0

[Event "Detroit (MI Op/4/15)"]
[Site "?"]
[Date "1992.??.??"]
[Round "?"]
[White "Perry, R."]
[Black "Mazuchowski, Tom"]
[Result "1-0"]
[WhiteElo "1980"]
[BlackElo "2140"]
[PlyCount "97"]
[EventDate "1992.??.??"]

{4/(15)} 1. e4 c5 2. Nf3 Nc6 3. d4 cxd4 4. Nxd4 e5 5. Nb5 d6 6. c4 Be6 7. N1c3
a6 8. Na3 Rc8 9. Nc2 Nf6 10. Ne3 Be7 11. Be2 Nd4 12. Ned5 Bxd5 13. cxd5 Nxe2
14. Qxe2 O-O 15. O-O b5 16. a3 Qd7 17. f4 exf4 18. Bxf4 Ng4 19. h3 Ne5 20. Bxe5
dxe5 21. Rf5 Bd6 22. Raf1 f6 23. Kh1 Kh8 24. Qf2 Rc7 25. g4 h6 26. h4 Rfc8 27.
g5 Be7 28. gxh6 g6 29. Qg3 Rg8 30. Rg1 Rcc8 31. Rf3 Qd6 32. Qh3 Rc4 33. Rfg3 f5
34. h5 g5 35. Qxf5 Qxh6 36. Qxe5+ Rg7 37. Qf5 Qxh5+ 38. Rh3 Qxh3+ 39. Qxh3+ Rh7
40. Kg2 Rxh3 41. Kxh3 Bxa3 42. bxa3 Rxc3+ 43. Kg4 Kg7 44. Kf5 Rxa3 45. Ke6 Kg6
46. Rd1 Rh3 47. d6 g4 48. d7 Rh8 49. d8=Q 1-0

[Event "Detroit (MI Op/7/12)"]
[Site "?"]
[Date "1992.??.??"]
[Round "?"]
[White "Perry, R."]
[Black "Fischvogt, Eric"]
[Result "1/2-1/2"]
[WhiteElo "1980"]
[BlackElo "2230"]
[PlyCount "126"]
[EventDate "1992.??.??"]

{7/(12)} 1. e4 c5 2. Nf3 e6 3. Be2 Nc6 4. Nc3 Nf6 5. O-O d5 6. exd5 exd5 7. d4
c4 8. Bg5 Be7 9. b3 cxb3 10. axb3 O-O 11. Nb1 h6 12. Bh4 Bf5 13. c3 Re8 14. Re1
Qb6 15. Bxf6 Bxf6 16. Nbd2 Rac8 17. Bf1 Ne7 18. Re3 Be6 19. Bd3 Bf5 20. Qc2 g6
21. Rae1 Qc6 22. c4 Be6 23. c5 Nf5 24. Bxf5 Bxf5 25. Qc3 Rxe3 26. Qxe3 Kg7 27.
Ne5 Qe6 28. f4 Bxe5 29. fxe5 a5 30. Qc3 b6 31. Rc1 Qc6 32. h3 Kg8 33. Nf1 bxc5
34. dxc5 Rb8 35. Qxa5 Rxb3 36. Qd8+ Kg7 37. Qd6 Bd7 38. Nd2 Rb4 39. Rf1 Qxd6
40. exd6 Kf8 41. Nf3 Ke8 42. Re1+ Kd8 43. Re7 f6 44. Rf7 Rc4 45. Rxf6 Be8 46.
Ne5 Rxc5 47. d7 Bxd7 48. Rd6 Ke7 49. Rxd7+ Ke6 50. Nd3 Rc3 51. Rg7 Kf6 52.
Rxg6+ Kxg6 53. Nf4+ Kf5 54. Nxd5 Rd3 55. Nb4 Rd2 56. Kh2 Ke5 57. Kg3 Kd6 58.
Kf3 Kc5 59. Ke3 Rxg2 60. Nd3+ Kd6 61. Nf4 Rg3+ 62. Ke4 Rg5 63. Nd3 Ke6 1/2-1/2

[Event "Detroit (MI Op/4/6)"]
[Site "?"]
[Date "1992.??.??"]
[Round "?"]
[White "Pence, Mark"]
[Black "Ward, Tom"]
[Result "0-1"]
[WhiteElo "2095"]
[BlackElo "2155"]
[PlyCount "118"]
[EventDate "1992.??.??"]

{4/(6)} 1. d4 Nf6 2. g3 e6 3. Bg2 d5 4. Nf3 c5 5. c3 Nc6 6. O-O Bd6 7. Nbd2 O-O
8. Qc2 cxd4 9. cxd4 Bd7 10. a3 Rc8 11. Qd3 Qb6 12. e4 e5 13. exd5 Nxd4 14. Nxd4
exd4 15. Nc4 Rxc4 16. Qxc4 Bb5 17. Qb3 Bxf1 18. Qxb6 axb6 19. Kxf1 Rc8 20. Bg5
Ng4 21. h3 Ne5 22. Rc1 Rxc1+ 23. Bxc1 Nd3 24. Bd2 Nxb2 25. Bb4 Bxb4 26. axb4
Nd3 27. b5 Kf8 28. Ke2 Nc5 29. h4 Ke7 30. f4 Kd6 31. Bf3 h6 32. Bg2 Ke7 33. g4
f6 34. h5 Kd6 35. Bf3 Kc7 36. Bg2 Kd7 37. Bf3 Ke7 38. Bg2 Kd8 39. Bf3 Ke7 40.
Bg2 Kd6 41. Bf3 Na4 42. Kd3 Nc3 43. Kxd4 Nxb5+ 44. Kc4 Nc7 45. Kd4 b5 46. Be4
b6 47. Bf3 b4 48. Be4 b3 49. Bd3 Nxd5 50. Ke4 b2 51. Kf5 Ke7 52. g5 hxg5 53.
fxg5 fxg5 54. Kxg5 Nc3 55. Kg6 Kf8 56. h6 gxh6 57. Kxh6 b1=Q 58. Bxb1 Nxb1 59.
Kg6 Ke7 0-1

[Event "Detroit (MI Op/3/17)"]
[Site "?"]
[Date "1992.??.??"]
[Round "?"]
[White "Pence, Mark"]
[Black "Walker, Douglas"]
[Result "1-0"]
[WhiteElo "2095"]
[BlackElo "1815"]
[PlyCount "105"]
[EventDate "1992.??.??"]

{3/(17)} 1. d4 Nf6 2. g3 d5 3. Bg2 e6 4. Nf3 Nbd7 5. O-O Bd6 6. Nbd2 O-O 7. c4
c6 8. Re1 e5 9. e4 Nxe4 10. Nxe4 dxe4 11. Rxe4 Re8 12. dxe5 Nxe5 13. Nxe5 Bxe5
14. Qxd8 Rxd8 15. Bg5 f6 16. Rxe5 fxe5 17. Bxd8 Be6 18. Ba5 Bxc4 19. Bc3 Re8
20. Rd1 Bxa2 21. Rd7 Be6 22. Rxb7 Rd8 23. f4 exf4 24. gxf4 Rd7 25. Rb8+ Kf7 26.
Bxc6 Rc7 27. Be8+ Ke7 28. Bb5 Bh3 29. Kf2 g6 30. Kg3 Bf5 31. Rh8 Ke6 32. Re8+
Re7 33. Rxe7+ Kxe7 34. Bd4 Be6 35. Bc5+ Kf6 36. Bxa7 Bb3 37. Bd4+ Kf5 38. Bd3+
Ke6 39. Be4 Kf7 40. Kf2 h6 41. h4 h5 42. Ke3 Be6 43. Kd2 Bf5 44. Bd5+ Ke7 45.
Kc3 Kd6 46. Bg2 Kc7 47. b4 Bd7 48. Be4 Bf5 49. Bxf5 gxf5 50. b5 Kd7 51. Kc4 Kd6
52. Be5+ Kd7 53. Kc5 1-0

[Event "Detroit (MI Op/1a/20)"]
[Site "?"]
[Date "1992.??.??"]
[Round "?"]
[White "Pence, Mark"]
[Black "Smith, Mike A"]
[Result "1/2-1/2"]
[WhiteElo "2095"]
[BlackElo "1815"]
[PlyCount "83"]
[EventDate "1992.??.??"]

1. d4 Nf6 2. c4 c5 3. d5 b5 4. cxb5 a6 5. bxa6 Bxa6 6. Nc3 g6 7. e4 Bxf1 8.
Kxf1 d6 9. Nge2 Bg7 10. g3 O-O 11. Kg2 Nbd7 12. Qc2 Qa5 13. a3 Rfb8 14. Rb1 Rb7
15. f3 Rab8 16. Bd2 Nb6 17. Nd1 Qa6 18. Nec3 Nc4 19. Re1 Ne8 20. Bc1 Qa5 21.
Re2 Nc7 22. a4 Qb4 23. b3 Na3 24. Bxa3 Qxa3 25. Nb5 Nxb5 26. axb5 Rxb5 27. Re3
Rb4 28. f4 c4 29. bxc4 Qa5 30. Rxb4 Rxb4 31. e5 Qc5 32. Re4 f5 33. exf6 Bxf6
34. h4 Bd4 35. Rxe7 Rxc4 36. Qe4 Be5 37. Qf3 Rc2+ 38. Nf2 Bd4 39. Re2 Rxe2 40.
Qxe2 Qxd5+ 41. Kh2 Bxf2 42. Qxf2 1/2-1/2

[Event "Detroit (MI Op/7/15)"]
[Site "?"]
[Date "1992.??.??"]
[Round "?"]
[White "Pence, Mark"]
[Black "Skidmore, Mike"]
[Result "1-0"]
[WhiteElo "2095"]
[BlackElo "1990"]
[PlyCount "97"]
[EventDate "1992.??.??"]

{7/(15)} 1. d4 d5 2. Nf3 Nf6 3. c4 c6 4. Nc3 Bg4 5. Ne5 Bf5 6. Qb3 Qb6 7. Qxb6
axb6 8. cxd5 Nxd5 9. Nxd5 cxd5 10. e3 f6 11. Bb5+ Bd7 12. Nxd7 Nxd7 13. Bd2 e6
14. O-O Bd6 15. Bc3 Ke7 16. Rfe1 f5 17. f3 Nf6 18. a3 h5 19. Rac1 Rhc8 20. Bd3
Kd8 21. e4 fxe4 22. fxe4 Bf4 23. Ra1 Rc7 24. g3 Bh6 25. h3 Rac8 26. e5 Nd7 27.
Bg6 h4 28. gxh4 Nb8 29. Re2 Nc6 30. Rf1 Ne7 31. h5 Kd7 32. Kg2 Nxg6 33. hxg6
Kc6 34. Rf7 Kb5 35. Rxc7 Rxc7 36. Rf2 Kc6 37. h4 Kd7 38. Kg3 Ke8 39. Kg4 Rc4
40. Rf7 Be3 41. Rxg7 Bxd4 42. Bxd4 Rxd4+ 43. Kg5 Re4 44. Kf6 d4 45. Kxe6 Kf8
46. Rf7+ Kg8 47. h5 d3 48. Rd7 Rh4 49. Kf6 1-0

[Event "Flint (MEX/4)"]
[Site "?"]
[Date "1992.??.??"]
[Round "?"]
[White "Pence, Mark"]
[Black "O'Donnell, Robert"]
[Result "1/2-1/2"]
[WhiteElo "2055"]
[BlackElo "2265"]
[PlyCount "98"]
[EventDate "1992.??.??"]

1. c4 c5 2. g3 Nf6 3. Bg2 g6 4. Nf3 Nc6 5. Nc3 Bg7 6. e3 d5 7. cxd5 Nxd5 8. d4
Nxc3 9. bxc3 O-O 10. O-O Bf5 11. Qb3 Na5 12. Qd1 cxd4 13. cxd4 Rc8 14. Bd2 Nc4
15. Qe2 Qd7 16. Rac1 Qa4 17. Bc3 Nd6 18. Rfd1 Rc7 19. Be1 Rfc8 20. Rxc7 Rxc7
21. Nh4 Bd7 22. Bd5 Bb5 23. Qf3 Bc4 24. Bxc4 Rxc4 25. Qe2 b5 26. Nf3 a5 27. Ne5
Rc2 28. Rd2 Rc1 29. Nd3 Rb1 30. Nc5 Qc4 31. f3 Qc1 32. Nd3 Qa3 33. Kg2 b4 34.
Bf2 a4 35. Nc5 b3 36. axb3 axb3 37. e4 Qc1 38. e5 Nc4 39. Nxb3 Qh1+ 40. Kh3
Rxb3 41. Qxc4 Rxf3 42. e6 f5 43. Qc8+ Bf8 44. Qe8 Kg7 45. Be3 Rxe3 46. Qf7+ Kh6
47. Qxf8+ Kh5 48. Qxe7 Qf1+ 49. Rg2 Rxg3+ 1/2-1/2

[Event "Flint (MEX/2)"]
[Site "?"]
[Date "1992.??.??"]
[Round "?"]
[White "Pence, Mark"]
[Black "Finegold, Ron"]
[Result "0-1"]
[WhiteElo "2055"]
[BlackElo "2175"]
[PlyCount "104"]
[EventDate "1992.??.??"]

1. c4 d6 2. g3 e5 3. Bg2 Nc6 4. Nc3 g6 5. e3 Bg7 6. Nge2 h5 7. h4 Nh6 8. d4 O-O
9. d5 Nb8 10. e4 Kh7 11. O-O f5 12. exf5 gxf5 13. Bxh6 Bxh6 14. f4 Nd7 15. Bh3
Nc5 16. fxe5 dxe5 17. b4 Ne4 18. Nxe4 fxe4 19. Bg2 Rxf1+ 20. Qxf1 Qf8 21. Bxe4+
Kh8 22. Qxf8+ Bxf8 23. Rb1 a5 24. b5 Bg4 25. Nc1 Bc5+ 26. Kg2 Bd4 27. Nd3 b6
28. c5 Rf8 29. d6 cxd6 30. c6 Be6 31. Rc1 Bxa2 32. Rf1 Rxf1 33. Kxf1 Be6 34.
Bg6 a4 35. c7 a3 36. Nb4 Bc5 37. Nc2 d5 38. Bf7 Bh3+ 39. Ke1 d4 40. Kd2 Bd6 41.
Bxh5 Bxc7 42. Nxa3 e4 43. g4 Bf4+ 44. Kd1 d3 45. g5 Be6 46. Nb1 e3 47. Nc3 Bb3+
48. Ke1 Bg3+ 49. Kf1 Bxh4 50. Bg6 Bc4 51. Bh5 Bxg5 52. Na4 e2+ 0-1

[Event "Flint (MEX/1)"]
[Site "?"]
[Date "1992.??.??"]
[Round "?"]
[White "Pence, Mark"]
[Black "Avery, Robert W"]
[Result "1-0"]
[WhiteElo "2055"]
[BlackElo "2220"]
[PlyCount "71"]
[EventDate "1992.??.??"]

1. d4 Nf6 2. g3 d5 3. Bg2 c5 4. Nf3 cxd4 5. Nxd4 e5 6. Nb3 h6 7. O-O Nc6 8. Nc3
d4 9. Ne4 Nd5 10. e3 a5 11. exd4 a4 12. Nbd2 exd4 13. Nf3 Nc7 14. c3 dxc3 15.
Qe2 Ne6 16. Rd1 Qa5 17. Nxc3 Bc5 18. Ne4 O-O 19. Bd2 Bb4 20. Be3 a3 21. b3 Qc7
22. Rac1 Ra5 23. Rc4 f5 24. Ned2 f4 25. Bd4 Nexd4 26. Nxd4 fxg3 27. hxg3 Nxd4
28. Rxd4 Re5 29. Ne4 Ba5 30. f4 Re7 31. Rc4 Qb6+ 32. Kh2 Qg6 33. Bf3 Qf5 34.
Qg2 b5 35. Nd6 Qe6 36. Bd5 1-0

[Event "Lansing (Apr)"]
[Site "?"]
[Date "1992.??.??"]
[Round "?"]
[White "Payne, B."]
[Black "Uptegraff, D."]
[Result "1-0"]
[WhiteElo "1605"]
[BlackElo "1605"]
[PlyCount "23"]
[EventDate "1992.??.??"]

1. d4 g6 2. e4 Bg7 3. Nf3 d6 4. Nc3 Bg4 5. Bc4 e5 6. dxe5 Bxe5 7. Bxf7+ Kxf7 8.
Nxe5+ Kg7 9. Nxg4 h5 10. Qd4+ Kh7 11. Qd5 hxg4 12. Qf7# 1-0

[Event "East Lansing (MI Am/4)"]
[Site "?"]
[Date "1992.??.??"]
[Round "?"]
[White "Pavlovich, J."]
[Black "Talreja, M."]
[Result "1-0"]
[WhiteElo "1640"]
[BlackElo "1605"]
[PlyCount "93"]
[EventDate "1992.??.??"]

1. e4 g5 2. d4 h6 3. Bc4 Bg7 4. Qh5 e6 5. e5 d5 6. Bb3 Nc6 7. c3 Bd7 8. Ne2 Qe7
9. Ng3 O-O-O 10. Qf3 f6 11. exf6 Nxf6 12. Nd2 Rhf8 13. Qe2 e5 14. dxe5 Nxe5 15.
O-O Bb5 16. Qxb5 Nfg4 17. Bc2 Rxf2 18. Rxf2 Nxf2 19. Bf5+ Kb8 20. Kxf2 Rf8 21.
Nf3 Rxf5 22. Nxf5 Ng4+ 23. Kf1 Nxh2+ 24. Nxh2 Qe5 25. Kg1 Qe1+ 26. Qf1 Qxf1+
27. Kxf1 Bf8 28. Be3 b6 29. Ng4 h5 30. Nf6 g4 31. Nxh5 Kb7 32. Nf6 Bc5 33. Bxc5
bxc5 34. Nxg4 Kc6 35. Nf6 Kb5 36. g4 Ka4 37. Nxd5 c6 38. b3+ Ka3 39. c4 cxd5
40. cxd5 a5 41. d6 Kb2 42. Rd1 Kxa2 43. d7 Kxb3 44. d8=Q a4 45. Qb8+ Ka2 46.
Qb1+ Ka3 47. Rd3# 1-0

[Event "Detroit (Pan Am/2)"]
[Site "?"]
[Date "1992.??.??"]
[Round "?"]
[White "Pavlovich, J."]
[Black "James, T."]
[Result "0-1"]
[WhiteElo "1650"]
[BlackElo "1745"]
[PlyCount "98"]
[EventDate "1992.??.??"]

1. e4 g6 2. d4 Bg7 3. Nc3 d6 4. Be3 Nf6 5. f3 O-O 6. Qd2 e5 7. d5 Ne8 8. Bh6 f5
9. Bxg7 Nxg7 10. O-O-O Nd7 11. Bc4 a6 12. Nge2 b5 13. Bb3 Nc5 14. Rhe1 Bd7 15.
f4 b4 16. Nb1 Nxe4 17. Qxb4 a5 18. Qa3 exf4 19. Nxf4 Nc5 20. Ne6 Nxb3+ 21. Qxb3
Bxe6 22. dxe6 Qe7 23. Nc3 c6 24. Qc4 Rfc8 25. Na4 Rab8 26. a3 Rb5 27. Qf4 d5
28. c4 Rb3 29. Nc3 Rcb8 30. Re2 Rxc3+ 31. bxc3 Qxa3+ 32. Kd2 Rb2+ 33. Kd3 dxc4+
34. Qxc4 Qd6+ 35. Qd4 Qxd4+ 36. cxd4 Rxe2 37. Kxe2 Nxe6 38. Ke3 Kf7 39. Ra1 Ke7
40. Rxa5 Kd6 41. g3 c5 42. dxc5+ Nxc5 43. Ra7 Nd7 44. Kd4 Nf8 45. Ra6+ Ke7 46.
Kd5 Kf7 47. h4 Kg7 48. Ra7+ Kf6 49. Kd6 g5 0-1

[Event "Detroit (Pan Am/4)"]
[Site "?"]
[Date "1992.??.??"]
[Round "?"]
[White "Pavlovich, J."]
[Black "Gaiefsky, S."]
[Result "0-1"]
[WhiteElo "1650"]
[BlackElo "1605"]
[PlyCount "78"]
[EventDate "1992.??.??"]

1. e4 c5 2. b3 e5 3. Bb2 Nc6 4. g3 g6 5. Bg2 Bg7 6. Ne2 Nge7 7. d3 O-O 8. Qd2
d5 9. exd5 Nxd5 10. Nbc3 Be6 11. O-O-O a6 12. h4 Nf6 13. Ne4 Nh5 14. Nxc5 Qb6
15. Nxe6 fxe6 16. f3 Qf2 17. Nc3 Qxg3 18. Ne4 Qf4 19. Bh3 Qxd2+ 20. Nxd2 Nf4
21. Ne4 Nxh3 22. Rxh3 Nd4 23. Rf1 Ne2+ 24. Kd1 Nf4 25. Re1 Nxh3 26. Nd6 Rxf3
27. Nxb7 Raf8 28. Bxe5 Rf1 29. Bxg7 Rxe1+ 30. Kxe1 Kxg7 31. Nc5 Rf2 32. Nxe6+
Kf6 33. Nd4 Ke5 34. Nc6+ Kf4 35. Kd1 Ke3 36. Kc1 Nf4 37. Nb8 Kd4 38. Nxa6 Kc3
39. Kd1 Rf1# 0-1

[Event "Detroit (MOR/2/68)"]
[Site "?"]
[Date "1992.??.??"]
[Round "?"]
[White "Pavlovich, J."]
[Black "Buerkle, T."]
[Result "0-1"]
[WhiteElo "1680"]
[BlackElo "1605"]
[PlyCount "80"]
[EventDate "1992.??.??"]

{2/(68)} 1. e4 e6 2. d4 d5 3. Nc3 Nf6 4. e5 Nfd7 5. Nf3 Be7 6. Bd3 a6 7. O-O c5
8. Re1 Nc6 9. dxc5 Nxc5 10. Bf1 b5 11. a3 Bb7 12. Nd4 Qc7 13. f4 Nxd4 14. Qxd4
Nd7 15. Kh1 Bc5 16. Qd1 O-O 17. Be3 f6 18. Bxc5 Qxc5 19. Qg4 Qc6 20. exf6 Rxf6
21. Rad1 Nc5 22. Rd2 Raf8 23. Rf2 d4 24. Nd1 Ne4 25. Rf3 Nd2 26. Rf2 Nxf1 27.
Rexf1 Rg6 28. Qe2 Rf5 29. b3 Rh6 30. Nb2 Rfh5 31. Qxh5 Rxh5 32. Nd3 Rh6 33. Ne5
Qe4 34. Nd7 Qd5 35. Ne5 Qd8 36. Kg1 Qd5 37. Nf3 Rg6 38. Rd1 Qh5 39. Rd3 Be4 40.
Ne5 Bxd3 0-1

[Event "Ann Arbor (HVA/1/1)"]
[Site "?"]
[Date "1992.??.??"]
[Round "?"]
[White "Pavlovich, J."]
[Black "Bauerle, Paul"]
[Result "0-1"]
[WhiteElo "1680"]
[BlackElo "1980"]
[PlyCount "60"]
[EventDate "1992.??.??"]

{1/(1)} 1. e4 e6 2. d4 d5 3. Nc3 Bb4 4. e5 c5 5. Bd2 Bd7 6. Nb5 Qb6 7. Nd6+ Kf8
8. c3 Ba5 9. dxc5 Qxb2 10. Rb1 Qa3 11. Qf3 f5 12. Rxb7 Ne7 13. Bc4 Bc6 14. Rb3
Qxc5 15. Bb5 a6 16. Bxc6 Nbxc6 17. Qg3 d4 18. Ne2 dxc3 19. Bxc3 Nxe5 20. Nb7
Bxc3+ 21. Rxc3 Qd5 22. O-O N7c6 23. a3 Qb5 24. Nf4 Qxb7 25. Nxe6+ Kg8 26. Qxe5
Nxe5 27. Rc7 Qxc7 28. Nxc7 Ra7 29. Rd1 Rxc7 30. Rd8+ Kf7 0-1

[Event "Flint (Class DE/2)"]
[Site "?"]
[Date "1992.??.??"]
[Round "?"]
[White "Patterson, S."]
[Black "Shelters, Richard"]
[Result "1-0"]
[WhiteElo "1605"]
[BlackElo "1605"]
[PlyCount "105"]
[EventDate "1992.??.??"]

1. d4 Nf6 2. c4 d5 3. Nc3 Bf5 4. Nf3 Nc6 5. Bg5 e6 6. e3 Be7 7. h3 a6 8. Be2 h6
9. Bh4 b6 10. Qa4 Qd7 11. O-O O-O 12. Ne5 Nxe5 13. dxe5 Qxa4 14. Nxa4 g5 15.
exf6 Bxf6 16. Bg3 dxc4 17. Bxc7 b5 18. Nc3 Bxc3 19. bxc3 Ra7 20. Bb6 Rd7 21.
Bf3 Bd3 22. Rfd1 f5 23. e4 Rff7 24. exf5 exf5 25. g4 fxg4 26. Bxg4 Rde7 27. Bc5
Re8 28. Bh5 Be2 29. Bxf7+ Kxf7 30. Re1 Re4 31. Rac1 h5 32. Rc2 Bd3 33. Rxe4
Bxe4 34. Re2 Bd3 35. Re7+ Kf6 36. Ra7 Kf5 37. Kh2 h4 38. Rxa6 g4 39. Ra5 Kf4
40. Be7 g3+ 41. Kg1 Kf3 42. Bxh4 g2 43. Rxb5 Bf1 44. a4 Ke4 45. Bf6 Kf3 46. a5
Bd3 47. Re5 Bc2 48. a6 Ba4 49. a7 Bc6 50. Rc5 Bb7 51. Rxc4 Ke2 52. Rc7 Bd5 53.
Rc8 1-0

[Event "Flint (Class DE/5)"]
[Site "?"]
[Date "1992.??.??"]
[Round "?"]
[White "Patterson, S."]
[Black "Brewer, M."]
[Result "0-1"]
[WhiteElo "1605"]
[BlackElo "1605"]
[PlyCount "66"]
[EventDate "1992.??.??"]

1. d4 Nf6 2. c4 d6 3. Nc3 Nbd7 4. Nf3 e5 5. Bg5 Be7 6. e4 O-O 7. Be2 Re8 8. O-O
exd4 9. Nxd4 Nc5 10. f3 c6 11. b4 Ne6 12. Bh4 Qb6 13. Bf2 Nxd4 14. Bxd4 Qxb4
15. Rb1 Qa5 16. Qa4 Qg5 17. f4 Qg6 18. Be3 Nxe4 19. Nd5 Bf5 20. Nc7 Nc3 21. Qb3
Nxe2+ 22. Kh1 Be4 23. Rf2 Bxb1 24. Rxe2 b6 25. a4 Rab8 26. Na6 Rbc8 27. a5 b5
28. cxb5 cxb5 29. Qxb5 Bd3 30. Qb2 Bf6 31. Qd2 Bxe2 32. Qxd6 Rxe3 33. Nc5 Qb1+
0-1

[Event "Flint (Class DE/1)"]
[Site "?"]
[Date "1992.??.??"]
[Round "?"]
[White "Patterson, S."]
[Black "Barker, Kyle"]
[Result "1-0"]
[WhiteElo "1605"]
[BlackElo "1605"]
[PlyCount "97"]
[EventDate "1992.??.??"]

1. d4 d5 2. c4 Bf5 3. Nc3 Nf6 4. Nf3 Na6 5. Qb3 Qb8 6. cxd5 e6 7. Bg5 c6 8.
dxc6 bxc6 9. Qa4 Qc8 10. a3 Bd6 11. e4 Bxe4 12. Nxe4 Nxe4 13. Bxa6 Qc7 14. b4
f6 15. Bh4 g5 16. Bg3 Bxg3 17. hxg3 Nxg3 18. fxg3 Qxg3+ 19. Kf1 O-O 20. Qc2 Rf7
21. Qxc6 e5 22. Qe6 g4 23. Qf5 Re8 24. Re1 Qf4 25. Qxf4 exf4 26. Rxe8+ Kg7 27.
Bd3 h6 28. Nh4 Rd7 29. Nf5+ Kf7 30. Rxh6 Kxe8 31. Bb5 a6 32. Bxd7+ Kxd7 33.
Rxf6 f3 34. gxf3 gxf3 35. Kf2 Kc7 36. Rxa6 Kb7 37. Re6 Kc8 38. a4 Kc7 39. a5
Kb7 40. Rb6+ Ka8 41. d5 Ka7 42. d6 Ka8 43. Rc6 Kb7 44. Rc1 Ka7 45. d7 Ka6 46.
d8=Q Kb5 47. Qd7+ Kxb4 48. Qb7+ Ka4 49. Ra1# 1-0